Postacie z Project Sekai - Statystyki

Ogólne statystyki
  • Ten quiz został rozwiązany 17 razy
  • Średni wynik to 24 z 26
Statystyki odpowiedzi
Virtual Singer % Poprawnych
An Shiraishi
100%
Emu Otori
100%
Ena Shinonome
100%
Haruka Kiritani
100%
Hatsune Miku
100%
Kagamine Len
100%
Kagamine Rin
100%
KAITO
100%
Kanade Yoisaki
100%
Mafuyu Asahina
100%
Megurine Luka
100%
MEIKO
100%
Mizuki Akiyama
100%
Nene Kusanagi
100%
Tsukasa Tenma
100%
Airi Momoi
86%
Akito Shinonome
86%
Ichika Hoshino
86%
Kohane Azusawa
86%
Minori Hanasato
86%
Rui Kamishiro
86%
Shiho Hinomori
86%
Shizuku Hinomori
86%
Toya Aoyagi
86%
Honami Mochizuki
71%
Saki Tenma
71%
Nie znaleziono quizów pasujących do podanych kryteriów
Rozkład punktacji
Procent ludzi z każdym wynikiem
Percentyl według liczby udzielonych odpowiedzi
Twoja historia wyników
Nie rozwiązałeś tego quizu